000 01150cam a2200289 a 4500
005 20180622105854.0
008 120302s2012 xxuad frn 001 0 eng d
020 _a9781936113026
040 _aCO-BoUCM
_bspa
_cJavier Garzón
_dDiana Londoño
041 0 _aeng
245 0 4 _aThe synapse
_ba subject collection from cold spring harbor perspectives in biology
_ceditado por Morgan Sheng, Bernardo L. Sabatini y Thomas C. Südhof
260 _aCold Spring (Nueva York, Estados Unidos)
_bCold Spring Harbor Laboratory Press
_c2012
300 _aviii, 397 páginas
_bilustraciones y gráficas
490 0 _aCold Spring Harbor perspectives in biology
504 _aIncluye referencias bibliográficas e índices
650 4 _aNervios
_920254
650 4 _aSinapsis
_955315
650 4 _aTerminaciones nerviosas
_955316
650 7 _aNeurología
_920299
650 7 _aPercepción
_9327
690 _942886
_aNeurología
700 1 _aSabatini, Bernardo
_eeditor
_955318
700 1 _aSheng, Morgan
_eeditor
_955317
700 1 _aSüdhof, Thomas C.
_eeditor
_955319
942 _a15
_cLIBRO
_e1
_mS992
_2NLM
_hWL 102.8
_n0
999 _c184134
_d184134